000 01295nac a22002891i 4500
003 EG-ScBUE
005 20250515100851.0
008 250326s2003 ii a f 000 0 eng d
020 _a8125915346
020 _a9788125915348
040 _aEG-ScBUE
_beng
_erda
_cEG-ScBUE
_dEG-ScBUE
082 0 4 _a515.14
_bSUN
_222
100 1 _aSundaram, V.,
_eauthor.
245 1 0 _aEngineering mathematics /
_cV. Sundaram, professor and head Department of Science and Humanities, Kumaraguru College of Technology, Coimbatore, R. Balasubramanian, professor and head Department of Mathematics and Computer Applications, Sri Krishna College of Engineering and Technology, Coimbatore, K. A. Lakshminarayanan, professor Department of Mathematics, Bannari Amman Institute of Technology, Sathiyamangalam.
250 _aSecond edition.
264 1 _aNew Delhi :
_bVikas publishing house PVT. LTD.,
_c2003.
300 _a1 volume (various pagings) :
_billustrations ;
_c24 cm
336 _2rdacontent
_atext
_btxt
337 _aunmediated
_2rdamedia
_bn
338 _avolume
_bnc
_2rdacarrier
500 _aIncludes appendix.
650 7 _aEngineering mathematics.
_2BUEsh
655 _vReading book
700 1 _aBalasubramanian, R.,
_eauthor.
700 1 _aLakshminarayanan, K. A.,
_eauthor.
942 _cBB
_2ddc
999 _c1225
_d1225